सौंदर्याची गुपिते : (Record no. 47978)

MARC details
000 -LEADER
fixed length control field 01247nam a22002657a 4500
005 - DATE AND TIME OF LATEST TRANSACTION
control field 20100928110826.0
008 - FIXED-LENGTH DATA ELEMENTS--GENERAL INFORMATION
fixed length control field 100928t xxu||||| |||| 00| 0 mar d
010 ## - LCCN (DPL NO)
LC control number MAR-20322
020 ## - INTERNATIONAL STANDARD BOOK NUMBER
Terms of availability 70.00
International Standard Book Number 9788177865561
035 ## - SYSTEM CONTROL NUMBER
System control number MR-12980
037 ## - SOURCE OF ACQUISITION
Source of stock number/acquisition DBAD / PUB
040 ## - CATALOGING SOURCE
Original cataloging agency DPL
Language of cataloging MR
082 ## - DEWEY DECIMAL CLASSIFICATION NUMBER
Classification number 646.72
100 ## - MAIN ENTRY--PERSONAL NAME
9 (RLIN) 22134
Personal name काचोळे,रोहिणी संजय
245 ## - TITLE STATEMENT
Title सौंदर्याची गुपिते :
Statement of responsibility, etc रोहिणी संजय काचोळे
Remainder of title नैसर्गिकपणे सौंदर्य खुलवणारी /
246 ## - VARYING FORM OF TITLE
Title proper/short title Saundryachi Gupite
Remainder of title by Rohini Sanjay Kachole
260 ## - PUBLICATION, DISTRIBUTION, ETC. (IMPRINT)
Place of publication, distribution, etc औरंगाबाद
Name of publisher, distributor, etc साकेत प्रकाशन
Date of publication, distribution, etc 2010
270 ## - ADDRESS
Address 115,म.गांधीनगर स्टेशनरोड
City औरंगाबाद
Postal code 431005
300 ## - PHYSICAL DESCRIPTION
Extent 91पृ
Dimensions 21सेमी (अजिल्द)
650 ## - SUBJECT ADDED ENTRY--TOPICAL TERM
Topical term or geographic name as entry element सौंदर्य
9 (RLIN) 22255
650 ## - SUBJECT ADDED ENTRY--TOPICAL TERM
Topical term or geographic name as entry element Beauty Care
9 (RLIN) 22256
700 ## - ADDED ENTRY--PERSONAL NAME
9 (RLIN) 22381
942 ## - ADDED ENTRY ELEMENTS (KOHA)
Source of classification or shelving scheme Dewey Decimal Classification
Item type Marathi Books
Classification part 646.72
Call number suffix काचोळे
Holdings
Withdrawn status Lost status Source of classification or shelving scheme Damaged status Not for loan Collection code Home library Current library Date acquired Source of acquisition Cost, normal purchase price Total Checkouts Full call number Barcode Date last seen Copy number Cost, replacement price Koha item type
    Dewey Decimal Classification   Not For Loan Non-fiction D.B.Act.Division D.B.Act.Division 29/09/2010 DBAD 70.00   646.72 काचोळे MR-12980 29/09/2010 1 70.00 Marathi Books

© Delhi Public Library
Hit Counter
free hit counter